000 00672nam a2200289Ia 4500
005 20260324140223.0
008 008 260324s9999 xx 000 0 eng d
020 _a9781351308526
037 _aEBOOK
040 _aCRL
040 _beng
040 _cCRL
041 _2eng
041 _aeng
084 _qCRL
100 _aJoseph J. Kockelmans
_91203575
245 0 _aPhilosophy of Science
245 4 _bThe Historical Background
260 _bTaylor and Francis
260 _c1999
365 _a
365 _b230
856 _uhttp://www.taylorfrancis.com/books/9781351308526
942 _cEBOOK
999 _c1805420
_d1805420